000 00510ntaaa2200193 4500
003 01
005 20251027203141.0
008 0714s1973 ag 01
040 _aAR-BaBN
_bspa
_cAR-BaBN
_eaacr
_dRIC
082 _a242.1000 G36
100 _aGuide, Andre
_932936
245 _aLa sinfonia pastoral
250 _a1 ed.
260 _aBuenos Aires :
_bEd. Posedon,
_c1947
300 _a152 p
500 _aDiario intimo de un pastor protestante en los Alpes suizoa
650 _aMeditaciones
_95341
942 _cBK
999 _c26952
_d26952